Social research methods / (Record no. 39)
[ view plain ]
| 000 -LEADER | |
|---|---|
| fixed length control field | 00525nam a22001937a 4500 |
| 003 - CONTROL NUMBER IDENTIFIER | |
| control field | BD-DhUIB |
| 005 - DATE AND TIME OF LATEST TRANSACTION | |
| control field | 20210314114318.0 |
| 008 - FIXED-LENGTH DATA ELEMENTS--GENERAL INFORMATION | |
| fixed length control field | 210314b ||||| |||| 00| 0 eng d |
| 020 ## - INTERNATIONAL STANDARD BOOK NUMBER | |
| International Standard Book Number | 0138181217 |
| 040 ## - CATALOGING SOURCE | |
| Original cataloging agency | BD-DhUIB |
| Transcribing agency | BD-DhUIB |
| 082 ## - DEWEY DECIMAL CLASSIFICATION NUMBER | |
| Edition number | 22 |
| Classification number | 300.18 |
| 100 ## - MAIN ENTRY--PERSONAL NAME | |
| Personal name | Dooley, David. |
| 9 (RLIN) | 76 |
| 245 ## - TITLE STATEMENT | |
| Title | Social research methods / |
| Statement of responsibility, etc. | David Dooley. |
| 260 ## - PUBLICATION, DISTRIBUTION, ETC. | |
| Place of publication, distribution, etc. | United Sates of America : |
| Name of publisher, distributor, etc. | Englewood Cliffs, |
| Date of publication, distribution, etc. | c1984. |
| 300 ## - PHYSICAL DESCRIPTION | |
| Extent | xvi, 430p. : |
| Other physical details | ill. ; |
| Dimensions | 24 cm. |
| 526 ## - STUDY PROGRAM INFORMATION NOTE | |
| Program name | BBA. |
| 650 ## - SUBJECT ADDED ENTRY--TOPICAL TERM | |
| Source of heading or term | Social theory. |
| 942 ## - ADDED ENTRY ELEMENTS (KOHA) | |
| Source of classification or shelving scheme | Dewey Decimal Classification |
| Koha item type | Books |
| Withdrawn status | Lost status | Source of classification or shelving scheme | Damaged status | Not for loan | Collection code | Home library | Current library | Shelving location | Date acquired | Source of acquisition | Total Checkouts | Full call number | Barcode | Date last seen | Copy number | Price effective from | Koha item type |
|---|---|---|---|---|---|---|---|---|---|---|---|---|---|---|---|---|---|
| Dewey Decimal Classification | Fiction | IBA Library | IBA Library | General Stacks | 05/04/1987 | Prentice-hall | 300.18 D72s | 00028960 | 03/14/2021 | C-1 | 03/14/2021 | Books |
